Marketing and multicultural diversity (Record no. 124755)
[ view plain ]
| 000 -LEADER | |
|---|---|
| fixed length control field | 01316nam a22003374a 4500 |
| 082 04 - DEWEY DECIMAL CLASSIFICATION NUMBER | |
| Classification number | 658.8/02 |
| 245 00 - TITLE STATEMENT | |
| Title | Marketing and multicultural diversity |
| 260 ## - PUBLICATION, DISTRIBUTION, ETC. (IMPRINT) | |
| Place of publication | Aldershot, England : |
| -- | Burlington, VT : |
| Name of publisher | Ashgate, |
| Year of publication | c2006. |
| 300 ## - PHYSICAL DESCRIPTION | |
| Number of Pages | xii, 275 p. : |
| Other physical details | ill. |
| 490 1# - SERIES STATEMENT | |
| Series statement | New perspectives in marketing |
| 650 #0 - SUBJECT ADDED ENTRY--TOPICAL TERM | |
| Topical Term | Consumer behavior. |
| Topical Term | Market segmentation. |
| Topical Term | Marketing |
| 700 1# - ADDED ENTRY--PERSONAL NAME | |
| Personal name | Rao, C. P. |
| 856 40 - ELECTRONIC LOCATION AND ACCESS | |
| Uniform Resource Identifier | http://site.ebrary.com/lib/rucke/Doc?id=10211305 |
No items available.
